000 01211nam0a2200337 4500
001 RU\NLR\BIBL_A\011746037
005 20180727133826.0
010 _a978-5-17-107550-7
_920000
021 _aRU
_bКН-П-18-041027
_9КН-П-18-2957
035 _a(NLR Aleph) 011746037
035 _a(RuMoRGB)009652922
090 _a11603197
_c11603197
100 _a20180709d2018 u y0rusy50 ca
101 1 _arus
_ceng
102 _aRU
105 _ay|||z|||000ay
200 1 _aБойцовский клуб
_e[роман]
_fЧак Паланик
_g[перевод с английского К. Егоровой]
210 _aМосква
_cN
_cАСТ
_d2018
215 _a254, [1] с.
_d17
225 2 _aСерия "Чак Паланик и его бойцовский клуб"
300 _aСодержит нецензурную брань
320 _aДр. работы авт. на 4-й с. обл.
333 _a18+
686 _aШ5(7США)64-644
_2rubbk
686 1 _aШ6(7США)67-440.4{Лх1979-50}
700 1 _aПаланик
_bЧ.
_f1962-
_gЧак
_3RU\NLR\AUTH\770217830
942 _cBOOK
980 _aNBR
980 _aNB